000 00851cam a22002657a 4500
001 14620763
005 20180314050642.0
008 061102s2006 enka e 001 0 eng d
010 _a 2006285292
020 _a0756613434
020 _a9780756613433
035 _a(OCoLC)ocm71846503
040 _aWIR
_cWIR
_dBAKER
_dYDXCP
_dDLC
041 _aeng
042 _alccopycat
080 _a635.93203
082 0 0 _a635.93203 DAN
_222
100 _a9
101 _aMJE
245 0 0 _aAmerican Horticultural Society encyclopedia of perennials /
_cGraham Rice, editor-in-chief ; Kurt Bluemel, contributing editor.
246 3 0 _aEncyclopedia of perennials
906 _a7
_bcbc
_ccopycat
_d2
_encip
_f20
_gy-gencatlg
942 _2ddc
_cBK
999 _c44970
_d44970